La inmigración y el poder legislativo en Costa Rica: discursos y acciones políticas = The immigration and the legislative power on Costa Rica: speeches and political actions /
Se presentan y discuten los resultados de entrevistas realizadas a once personas que ostentaron cargos de representación política y han estado involucradas en legislación relativa a la inmigración en el país. Se discuten diversas dimensiones de la problemática y se establecen algunas comparaciones p...
Gespeichert in:
| 1. Verfasser: | |
|---|---|
| Weitere Verfasser: | , , |
| Format: | Text |
| Schlagworte: | |
| Tags: |
Tag hinzufügen
Keine Tags, Fügen Sie den ersten Tag hinzu!
|
MARC
| LEADER | 00000 a a2200000 04500 | ||
|---|---|---|---|
| 001 | 45076 | ||
| 003 | |||
| 040 | |||
| 100 | |a Dobles Oropeza, Ignacio | ||
| 245 | |a La inmigración y el poder legislativo en Costa Rica: discursos y acciones políticas = |b The immigration and the legislative power on Costa Rica: speeches and political actions / |c Ignacio Dobles Oropeza, Gabriela Vargas Selva, Krissia Amador Rojas, Massiel Arroyo Sibaja | ||
| 500 | |a doblesor@gmail.com |a gabvarsel@yahoo.com |a heeroshiaran@gmail.com |a massy2@gmail.com | ||
| 520 | |a Se presentan y discuten los resultados de entrevistas realizadas a once personas que ostentaron cargos de representación política y han estado involucradas en legislación relativa a la inmigración en el país. Se discuten diversas dimensiones de la problemática y se establecen algunas comparaciones para intentar puntualizar discusiones claves en un ámbito que ha sido muy problemático. | ||
| 590 | |a KSR/AGOSTO2013 | ||
| 650 | |a INMIGRACION | ||
| 650 | |a POLITICA | ||
| 650 | |a ANALISIS DE LA INFORMACION | ||
| 650 | |a LEGISLACION SOBRE LA INMIGRACION | ||
| 650 | |a DERECHOS HUMANOS | ||
| 650 | |a COSTA RICA | ||
| 700 | |a Vargas Selva, Gabriela | ||
| 700 | |a Amador Rojas, Krissia | ||
| 700 | |a Arroyo Sibaja, Massiel | ||
| 773 | |g volumen92, número1 (2013), páginas 97-108 | ||
| 999 | |c 22828 |d 22828 | ||
